LEADER 01203nam a2200265 i 4500 001 000000073437 003 CaOOAMICUS 005 20041118000000.0 008 041118s1999 it u000 u ita u 013 $a44609 020 $a88-7075-519-3 040 $aSeMil$bita 100 1 $aGiardullo, Antonio.$0(OLS)http://semarc/name/36319 245 13$aLa conservazione dei libri :$bmateriali, tecniche, impianti /$cAntonio Giardullo. 260 $aMilano :$bEditrice Bibliografica,$ccopyr. 1999. 300 $a213 p. ;$c21 cm. 490 0 $aBibliografia e biblioteconomia ;$v54 650 4$aBeni culturali - Beni librari e documentari - Conservazione, valorizzazione e tutela.$0(OLS)http://semarc/subject/52413 830 0$aBibliografia e biblioteconomia ;$v54.$0(OLS)http://semarc/title/15707 850 $aSeMil 852 $aSeMil$W1$xVenegono$y1$m7B I 20$j258939$B39589$CSeMilBibl$Z2$F39593 $8I 961 $aAcquisto: Mescat 996 $6020$a88-7075-519-3$9(OLS)http://semarc/number/52916 996 $6245$aLa conservazione dei libri :$bmateriali, tecniche, impianti$9(OLS)http://semarc/title/118579 996 $6260$aMilano :$bEditrice Bibliografica$9(OLS)http://semarc/publisher/29739 LEADER 01076nam a2200253 i 4500 001 000000101207 003 CaOOAMICUS 005 20170911000000.0 008 170911s2015 it u000 u ita u 013 $a73359 020 $a978-88-6879-142-1 040 $aSeMil$bita 100 1 $aMariani, Andrea <1967- >.$0(OLS)http://semarc/name/20567 245 13$aLa morale č molto bella ma... in pratica si fa come si puņ! /$cAndrea Mariani ; [presentazione di Aurel Perca]. 260 $aSiena :$bCantagalli,$c2015. 300 $a126 p. ;$c19 cm. 650 4$aEtica e morale.$0(OLS)http://semarc/subject/612 700 1 $aPerca, Aurel.$0(OLS)http://semarc/name/92723 850 $aSeMil 852 $aSeMil$W1$xVenegono$y1$m2E II 497$j58107$B58107$CSeMilBibl$Z2$F68718 $81 961 $aOmaggio: Delpini mons. Mario 996 $6020$a978-88-6879-142-1$9(OLS)http://semarc/number/272595 996 $6245$aLa morale č molto bella ma... in pratica si fa come si puņ!$9(OLS)http://semarc/title/406835 996 $6260$aSiena :$bCantagalli$9(OLS)http://semarc/publisher/29767